| 000 | 02440cam a22002174a 4500 | ||
|---|---|---|---|
| 005 | 20250605164236.0 | ||
| 008 | 250528s ||||||||||||||||||||||||d | ||
| 035 | _a21146 | ||
| 020 | _a9789602182734 | ||
| 040 |
_aGR-AtMCL _bgre _dGR-AtMCL _eAACR2 |
||
| 245 | 1 | _aΔιεθνής Οικονομική / Θεωρία και Πολιτική: Δεύτερος Τόμος | |
| 250 | _a5η | ||
| 260 |
_bΚριτική - Επιστημονική Βιβλιοθήκη, _c2003 |
||
| 300 | _a600 | ||
| 520 | _aΤο πιο διαδεδομένο σύγγραμμα που χρησιμοποιείται στο μάθημα των διεθνών οικονομικών σχέσεων και του διεθνούς εμπορίου. Μακροοικονομική των Συναλλαγματικών Ισοτιμιών και της Ανοικτής Οικονομίας, Εθνικολογιστικά Μεγέθη και Ισοζύγιο Πληρωμών, Συναλλαγματικές Ισοτιμίες και Αγορά Συναλλάγματος, Χρλημα και Επιτόκια και Συναλλαγματικές Ισοτιμίες, Τιμές και Συναλλαγματική Ισοτιμία μακροχρόνια, Το Προϊον και η Συναλλαγματική Ισοτιμία Βραχυχρόνια, Σταθερές Συναλλαγματικές Ισοτιμίες και Παρέμβαση στην Αγορά Ξένου Συναλλάγματος, Διεθνής Μακροοικονομική Πολιτική, Το Διεθνές Νομισματικό Σύστημα - 1870-1973, Μακροοικονομική Πολιτική και Συντονισμός σε Καθεστώς Κυμαινόμενων Ισοτιμιών, Οι Άριστες Νομισματικές Περιοχές και η Ευρωπαϊκή Εμπειρία, Η Διεθνής Κεφαλαιαγορά: Επιδόσεις και Ζητήματα Πολιτικής, Αν απτυσσόμενες Χώρες: Οικονομική Μεγέθυνση και Κρίσεις και Μεταρρύθμιση, Μαθηματικά Προσαρτήματα, Αποφυγή του Κινδύνου και Διαφοροποίηση του Διεθνούς Χαρτοφυλακίου, Ευρετήριο. | ||
| 700 | 1 |
_aKrugman Paul _92735 |
|
| 700 | 1 |
_aObstfeld Maurice _92736 |
|
| 942 | _cBK | ||
| 999 |
_c6214 _d6214 |
||